29 Equities Ltd v Bank Leumi (UK) Ltd (Record no. 1974)
[ view plain ]
| 000 -LEADER | |
|---|---|
| fixed length control field | 01558cab a2200217 4500 |
| 001 - CONTROL NUMBER | |
| control field | ABS37249 |
| 008 - FIXED-LENGTH DATA ELEMENTS--GENERAL INFORMATION | |
| fixed length control field | 090401t1986 xxu||||| |||| 00| 0 eng d |
| 035 ## - SYSTEM CONTROL NUMBER | |
| System control number | (Sirsi) u3230 |
| 041 ## - LANGUAGE CODE | |
| Language code of text/sound track or separate title | eng |
| 245 ## - TITLE STATEMENT | |
| Title | 29 Equities Ltd v Bank Leumi (UK) Ltd |
| 260 ## - PUBLICATION, DISTRIBUTION, ETC. | |
| Date of publication, distribution, etc. | 1986 |
| 350 ## - PRICE (NR) (BK AM CF MU VM SE) [OBSOLETE] | |
| Price | 0 |
| 490 ## - SERIES STATEMENT | |
| Series statement | Weekly Law Reports |
| Volume/sequential designation | (1986) 1 WLR 1490-1497(8) |
| 520 ## - SUMMARY, ETC. | |
| Summary, etc. | CA 10 October 1986. Appeal by purchasers(P) of a leasehold flat in London held for a term of 99 years from 29 September 1970. Contract for sale was entered into on 10 July 1985. Completion date was 29 November 1985 and the contract incorporated the National Conditions of Sale (NSC) (20th ed). Condition 11(5) applied with the effect that if the contract was rescinded by the vendor the deal would be called off. The vendor`s solicitors informed P that the landlord`s requirements before giving a license for assignment included two guarantors who should be British based. In the absence of guarantors being provided the vendors solicitors threatened to rescind the contract. On 2 December the vendors` solicitors purported to exercise the power under condition 11(5) to rescind the contract because landlord`s consent had not been obtained. Shortly afterwards two guarantors and references were accepted by the landlord`s agents from P`s solicitors. P registered a caution against the title and is |
| 650 ## - SUBJECT ADDED ENTRY--TOPICAL TERM | |
| Topical term or geographic name entry element | CONTRACT FOR SALE |
| 650 ## - SUBJECT ADDED ENTRY--TOPICAL TERM | |
| Topical term or geographic name entry element | PROPERTY-LEASEHOLD PROPERTY |
| 650 ## - SUBJECT ADDED ENTRY--TOPICAL TERM | |
| Topical term or geographic name entry element | VENDOR AND PURCHASER |
| 690 ## - LOCAL SUBJECT ADDED ENTRY--TOPICAL TERM (OCLC, RLIN) | |
| Topical term or geographic name as entry element | PROPERTY LAW AND PRACTICE-CASE LAW |
| 942 ## - ADDED ENTRY ELEMENTS (KOHA) | |
| Suppress in OPAC | 0 |
| 948 ## - LOCAL PROCESSING INFORMATION (OCLC); SERIES PART DESIGNATOR (RLIN) | |
| c (OCLC) | 04/03/1997 |
| Withdrawn status | Lost status | Source of classification or shelving scheme | Damaged status | Not for loan | Home library | Current library | Shelving location | Date acquired | Total Checkouts | Full call number | Barcode | Date last seen | Copy number | Price effective from | Koha item type |
|---|---|---|---|---|---|---|---|---|---|---|---|---|---|---|---|
| Dewey Decimal Classification | London | London | Journal article | 14/09/1999 | ABS37249 | 3230-1001 | 06/08/2019 | 1 | 06/08/2019 | Law report |